| 000 | 00779nam a22002417a 4500 | ||
|---|---|---|---|
| 001 | 3738 | ||
| 003 | FISKH | ||
| 005 | 20240426090158.0 | ||
| 008 | 240426b cb ||||| |||| 00| 0 eng d | ||
| 040 |
_aFISK _beng _cFISK _dFISK |
||
| 050 | _aPZ7.M42355 | ||
| 082 | _a813 | ||
| 100 |
_aMass Wendy _d1967- |
||
| 245 |
_aJeremy fink and the meaning of life / _cWendy Mass |
||
| 260 |
_aNew York : _bWendy Mass, _c2010 |
||
| 300 |
_a289 pages : _c20 cm |
||
| 505 | _aM | ||
| 520 | _aJust before his thirteenth birthday, Jeremy Fink receives a keyless locked box--set aside by his father before his death five years earlier--that purportedly contains the meaning of life. | ||
| 521 | 8 |
_a710 _bLexiles |
|
| 700 | _aWendy Mass | ||
| 942 |
_2lcc _cBK _n0 |
||
| 999 |
_c3738 _d3738 |
||